Light; sound; forces and simple machines

Bibliographic Details
Other Authors: Lena Abdullah, Lai, Magdalene
Format: Book
Published: Kuala Lumpur : Jade Green Publications , 2006
Series:The scientific era series 2
Subjects:

MARC

LEADER 00000cam a2200000 7i4500
001 0000005740
005 20151222.0
008 070809
020 |a 9831980530 
020 |a 9831980549(set) 
090 0 0 |a SC   |b ENG 
245 0 0 |a Light; sound; forces and simple machines   |c compiled by Lena Abdullah and Magdalene Lai 
260 |a Kuala Lumpur :   |b Jade Green Publications ,   |c 2006 
440 4 |a The scientific era series 2 
500 |a Children ages 10-12 years old (pink) 
650 0 |a Junior fiction   |x English   |x Languages 
650 0 |a Science 
700 0 |a Lena Abdullah 
700 1 |a Lai, Magdalene 
999 |a 0000906899   |b Book   |c Teenagers   |e Cawangan Bandar Tenggara 
999 |a 0000980448   |b Book   |c Children Collection   |e Cawangan Sri Merlong 
999 |a 0000980450   |b Book   |c Children Collection   |e Cawangan Mersing 
999 |a 0000980451   |b Book   |c Children Collection   |e Cawangan Taman Sri Lambak 
999 |a 0000987551   |b Book   |c Children Collection   |e Cawangan Tmn. Ungku Tun Aminah 
999 |a 0001070896   |b Book   |c Children Collection   |e Cawangan Tangkak 
999 |a 0001147434   |b Book   |c Teenagers   |e Cawangan Bandar Tenggara 
999 |a 000987551   |b Book   |c Children Collection   |e Cawangan Batu Pahat